000 00783nam a2200241 i 4500
001 173319
003 ES-MaACL
005 20251005063134.0
008 091125s1978 pr |||| | spa d
020 _a0-8477-0548-X
080 _a1:860 Unamuno, Miguel de 1.06
100 1 _aTollinchi, Esteban,
_d1932-2005
_9163460
245 1 3 _aLa ontología de Unamuno /
_cEsteban Tollinchi.
260 _aRío Piedras :
_bUniversidad de Puerto Rico,
_c1978.
300 _a239 p. ;
_c21 cm.
490 1 _aMente y palabra
504 _aBibliografía: p. 217-239.
600 1 4 _aUnamuno, Miguel de,
_d1864-1936-
_xFilosofía
_9111985
710 2 _aUniversidad de Puerto Rico
_97273
830 1 _aMente y palabra
_9184654
852 _aES-MaACL
_jC-57020
999 _c173319
_d173319